|
|
|
|
| LEADER |
00000cam a2200000 7i4500 |
| 001 |
0000006292 |
| 005 |
20151222.0 |
| 008 |
070815 |
| 020 |
|
|
|a 9833116248(set)
|
| 020 |
|
|
|a 9833116280
|
| 090 |
0 |
0 |
|a JF
|b REG MAL (6669)
|
| 100 |
0 |
|
|a Syukran Nasrullah bin Shafie
|
| 245 |
1 |
0 |
|a Siti Zubaidah
|c Syukran Nasrullah bin Shafie
|
| 260 |
|
|
|a Kuala Lumpur :
|b Gohamas Marketing Sdn.Bhd ,
|c 2005
|
| 440 |
|
|
|a Siri bacaan srikandi Islam
|
| 500 |
|
|
|a Children ages 7-9 years old (orange)
|
| 650 |
|
0 |
|a Islamic
|x Fiction
|
| 999 |
|
|
|a 0000907734
|b Book
|c Teenagers
|e Cawangan Bandar Tenggara
|
| 999 |
|
|
|a 0000907735
|b Book
|c Teenagers
|e Cawangan Bandar Tenggara
|
| 999 |
|
|
|a 0000983394
|b Book
|c Children Collection
|e Perbadanan Perpustakaan Awam Johor
|
| 999 |
|
|
|a 0000983395
|b Book
|c Children Collection
|e Perbadanan Perpustakaan Awam Johor
|
| 999 |
|
|
|a 0000983396
|b Book
|c Children Collection
|e Cawangan Kota Tinggi
|
| 999 |
|
|
|a 0000983397
|b Book
|c Children Collection
|e Perbadanan Perpustakaan Awam Johor
|
| 999 |
|
|
|a 0000983398
|b Book
|c Children Collection
|e Perbadanan Perpustakaan Awam Johor
|
| 999 |
|
|
|a 0001144082
|b Book
|c Children Collection
|e Cawangan Taman Universiti
|
| 999 |
|
|
|a 0001144083
|b Book
|c Children Collection
|e Cawangan Kota Tinggi
|